| 000 | 00398nam a2200133Ia 4500 | ||
|---|---|---|---|
| 008 | 211118s9999||||xx |||||||||||||| ||und|| | ||
| 082 |
_a894.8123 _bBAS-B |
||
| 100 | _aBasheer, Muhammad | ||
| 245 | 0 | _aBalya Kala Sakhi | |
| 260 |
_bSAHITHYA PRVARTHAKA SANGHAM _aKottayam _c1944 |
||
| 630 | _xMalayalam NovelGeneral Stack | ||
| 650 |
_aMalayalam Literature _vMalayalam FictionGeneralia |
||
| 942 | _cBOOK | ||
| 999 |
_c96819 _d96819 |
||